Pamphil D. Yurkevych and His Philisophic Legacy. (Запис № 435097)

МАРК-запис
000 -Лідер
fixed length control field 00740nam a22002417a 4500
001 - Контрольний номер
control field 36576
003 - Ідентифікатор контрольного номера
control field UA-OsUOA
005 - Дата та час останнього входження (трансакції)
control field 20260330155440.0
008 - Елементи даних фіксованої довжини – загальна інформація
fixed length control field 20061005b un ||||| |||| 00| 0 ukr d
040 ## - Джерело каталогізації
Агенція оригінальної каталогізації UA-OsUOA
Мова каталогізації eng
Агенція, яка здійснювала перезапис UA-OsUOA
Агенція, яка здійснювала модифікацію UA-OsUOA
041 ## - Код мови
Код мови тексту/ звукової доріжки чи окремого заголовка (П) eng
080 ## - Індекс Універсальної десяткової класифікації
Індекс Універсальної десяткової класифікації (УДК) (НП) 14
090 ## - Локальний шифр розміщення
Класифікаційний індекс УДК 14
Авторський знак (НП) J25
100 ## - Основне введення – ім’я особи
Ім’я особи (НП) Jarmus S.
9 (RLIN) 24765
245 ## - Відомості про назву
Назва (НП) Pamphil D. Yurkevych and His Philisophic Legacy.
Дані про відповідальність (НП) Stephan Jarmus
260 ## - Публікація, розповсюдження і т.п. (Вихідні дані)
Місце публікації, розповсюдження і т.п. (П) Winnipeg
Дата публікації, розповсюдження і т.п. (П) 1979
Ім’я/ наймення видавництва, розповсюджувача і т.п. (П) Published by St. Andrew's College in Winnipeg
300 ## - Фізичний опис
Обсяг 80 p.
650 #7 - Додаткове предметне введення – тематичний термін
Джерело заголовка чи терміна UDC
Тематичний термін чи географічна назва, як елемент введення (НП) 1 Філософські науки
9 (RLIN) 1599
942 ## - Додаткові елементи входу (Коха)
Тип елемента Koha Книги
Source of classification or shelving scheme Universal Decimal Classification
955 ## - Код типу видання за змістом
Код типу видання за змістом (НП) Науково-популярні видання
Фонди
Стан вилучень Стан втрат Джерело класифікації або схеми стелажів Стан уражень Не для кредиту Постійне місце розташування Поточне розміщення Дата придбання Джерело придбання Вартість, звичайна ціна покупки Інвентарний номер Усього замовленно Штрих-код Дата останнього перегляду Ціна ефективна від Тип елемента Koha Повний номер виклику Вартість, ціна заміни Примітка, призначена для загального доступу
    Universal Decimal Classification     Наукова бібліотека ІДУД Наукова бібліотека ІДУД 05/10/2006 3/2006 1.00 2125721   2125721 15/09/2019 05/10/2006 Книги      
    Universal Decimal Classification     Наукова бібліотека ІДУД Наукова бібліотека ІДУД 30/03/2026 №3/26.03.2026 (ІДУД) 1.00 300477   300477 30/03/2026 30/03/2026 Книги 14 J25 1.00 Книгу отримано в дар від Романа Єринюка